00574nam a2200217Ia 4500008004100000020001600041100001800057245002900075245001800104260001500122260002000137260000900157300001600166300001100182500008900193650001600282650002400298650001300322650001300335700000800348160803s9999 xx 000 0 und d a0 679833722 aSachar, Louis aDogs don't tell jokes /  cLouis Sachar. aNew York : bScholastic Inc. c1991 a209 pages : c20 cm. aReprint. Originally published: New York : A.A. Knopf Books for Young Readers, c1991. aSchools --  aSelf-perception --  xFiction. xFiction. a560